| 000 | 00572nam a22001817a 4500 | ||
|---|---|---|---|
| 008 | 161026b xxu||||| |||| 00| 0 eng d | ||
| 020 | _a9780495559733 | ||
| 050 | _aQB 45 .S44 2010 | ||
| 100 | _aSeeds, Michael A. | ||
| 245 |
_aHorizons : _bexploring the universe/ _cMichael A.Seeds and Dana E. Backman |
||
| 250 | _a11th ed. | ||
| 260 |
_aAustralia : _bBrooks/Cole Cengage Learning, _cc2010 |
||
| 300 |
_axv, 484p. : _bill. ; |
||
| 500 | _aIncludes index. | ||
| 650 | _aAstronomy | ||
| 700 | _aBackman,Dana E | ||
| 942 |
_2lcc _cBOOKS _hQB 45 .S44 2010 |
||
| 999 |
_c15074 _d15074 |
||